La función decolonizadora de la universidad pública latinoamericana/
Conferecia magistral titulada "La función decolonizadora de la universidad pública latinoamericana" se presenta un texto que reta a visibilizar lo invisibilizado, a aprender de todos los saberes, pero sobre todo a conocer y respetar el proyecto, el derecho de cada persona de ser una histor...
সংরক্ষণ করুন:
| প্রধান লেখক: | |
|---|---|
| বিন্যাস: | গ্রন্থ |
| ভাষা: | Spanish |
| প্রকাশিত: |
San josé, Costa Rica:
Universidad de Costa Rica. Vicerrectoría de Acción Social
2018
|
| বিষয়গুলি: | |
| ট্যাগগুলো: |
ট্যাগ যুক্ত করুন
কোনো ট্যাগ নেই, প্রথমজন হিসাবে ট্যাগ করুন!
|
MARC
| LEADER | 00000nam a22000007a 4500 | ||
|---|---|---|---|
| 003 | cru CIDCACS/IIS | ||
| 005 | 20230621090734.0 | ||
| 008 | 230615b2018 cr ||||| |||| 00| 0 spa d | ||
| 020 | |a 978-9968-619-91-2 | ||
| 040 | |c cru CRAI/IIS | ||
| 090 | |a 06.04.05 S725f | ||
| 100 | 1 | |9 7699 |a Santos, Boaventura de Sousa |c | |
| 245 | 1 | 3 | |a La función decolonizadora de la universidad pública latinoamericana/ |c Boaventura de Sousa Santos |
| 260 | |a San josé, Costa Rica: |b Universidad de Costa Rica. Vicerrectoría de Acción Social |c 2018 | ||
| 300 | |a 28 páginas | ||
| 520 | 3 | |a Conferecia magistral titulada "La función decolonizadora de la universidad pública latinoamericana" se presenta un texto que reta a visibilizar lo invisibilizado, a aprender de todos los saberes, pero sobre todo a conocer y respetar el proyecto, el derecho de cada persona de ser una historia. La presencia de Boaventura de Sousa Santos se articula con el aniversario de la Reforma de Córdoba y también internamente la celebración de los 50 años de la regionalización universitaria. Se analiza el papel que cumplen las universidades latinoamericanas, las expectativas e ilusiones que estamos construyendo no solo con la acción social, o extensión universitaria, sino también con la docencia e investigación, también la oportunidad de hablar de las amenazas que las universidades han venido enfrentando en las alternativas de explicación e instrumentos nuevos de investigación para tratar de construir un paradigma alterno. | |
| 650 | 0 | 0 | |0 TESAUROS |9 311 |a UNIVERSIDADES |
| 650 | 0 | 0 | |9 4488 |a GESTIÓN PÚBLICA |
| 650 | 0 | 0 | |9 5431 |a PARADIGMAS |
| 650 | 0 | 0 | |9 2125 |a PARTICIPACION SOCIAL |
| 650 | 0 | 4 | |9 3207 |a PARTICIPACION POLITICA |
| 942 | |2 z |c LI |h 06.04.05 S725f |i 23350 |6 060405_S725F_23350 | ||
| 999 | |c 45079 |d 45079 | ||



